01503nam a2200325 a 45000010008000000080041000080100013000490200015000620500018000771000017000952450196001122460032003082460034003402600031003743000035004053500011004404900022004514900035004735000040005086500049005486500048005976500044006456500054006897000020007437100095007638560066008589950102009249990017010269520134010431597248181016s1994 ||||||||||||||||| || u a94024484 a0444818340 aTK 5103.4 Ifi aTohme, Samir10aBroadband communications, II : proceedings of the IFIP TC6 Second International Conference on Broadband Communications, Paris, France, 2-4 March, 1994cedited by Samir Tohmé; Augusto Casaca aBroadband communications 2. aBroadband communications two. aAmsterdam:bElsevierc1994 axiv, 412 pages : illustrations a147.23 aIFIP transactions vC, Communication systems, C-23 aIncludes bibliographical references 0aBROADBAND COMMUNICATION SYSTEMS - CONGRESSES 0aCOMPUTER NETWORK ARCHITECTURES - CONGRESSES 0aASYNCHRONOUS TRANSFER MODE - CONGRESSES 0aINTEGRATED SERVICES DIGITAL NETWORKS - CONGRESSES aCasaca, Augusto aIFIP TC6 International Conference on Broadband Communications (2nd : 1994 : Paris, France) uhttp://www.loc.gov/catdir/enhancements/fy0601/94024484-d.html FCBU-MAIN LIBRARY (Kitwe)I147.23M1UAVAILABLEWOct 16, 2018ZMain Library Open Access Collection c36172d36172 00102lcc4070a001b001cMain Library Open Access Collectiond2022-11-30l0oTK 5103.4 Ifip748532r2022-11-30w2022-11-30y002